La manipulación de los "precios de transferencia"

Guardado en:
Detalles Bibliográficos
Autor principal: Grondona, Verónica
Formato: Desconocido
Aporte de:Registro referencial: Solicitar el recurso aquí
LEADER 00337 a2200109 4500
001 ART_34721
005 20260410161854.0
008 260409a
245 1 0 |a La manipulación de los "precios de transferencia" 
100 1 |a Grondona, Verónica 
773 0 |t Derecho público  |g - Año III, Nº 10 (jul. 2015)  |w REV10451 
999 |c 25283  |d 25283